000 00556nam a22001817a 4500
005 20240130125559.0
008 240130b |||||||| |||| 00| 0 eng d
020 _a9781485138624
041 _aEnglish
082 _a346.6 CAS
100 _aCassim, FH et al.
_lEnglish
245 _aContemporary Company Law /
_cFH Cassim et al.
250 _aThird Edition
260 _aCape Town :
_bJuta and Company (Pty) Ltd,
_c2021
300 _bclvi, 1484 pages ;
_c25 cm.
650 _aLegal practice
_bLaw
942 _cBK
_6ALISON_BN_VRIES
999 _c1304
_d1304